000 00509nam a2200181Ia 4500
003 IN-BaIIA
008 211028s9999 xx 000 0 eng d
020 _a486-61073-X
040 _cIIA Library
080 _a621.7
_bBUC
100 _aBuckingham, Earle
_99380
245 0 _aAnalytical mechanics of gears
_cEarle Buckingham
260 _aNew York
_bDover Publications
_c1949
300 _aix, 546p.
650 _aMechanics
650 _aNASA Thesaurus
942 _cBK
999 _c5391
_d5391